Normal view
MARC view
- ELECTRONIC
Entry Topical Term
001 - CONTROL NUMBER
- control field: 77047
003 - CONTROL NUMBER IDENTIFIER
- control field: NUST
005 - DATE AND TIME OF LATEST TRANSACTION
- control field: 20210628205807.0
008 - FIXED-LENGTH DATA ELEMENTS
- fixed length control field: 210628|| aca||aabn | a|a d
040 ## - CATALOGING SOURCE
- Original cataloging agency: NUST
- Transcribing agency: NUST
150 ## - HEADING--TOPICAL TERM
- Topical term or geographic name entry element: ELECTRONIC
670 ## - SOURCE DATA FOUND
- Source citation: Work cat.: (NUST): ALLEY, C. L,ATWOOD, K. W 77046, ELECTRONIC ENGINEERING, 1973
